| 000 | 00589nam a22001815i 4500 | ||
|---|---|---|---|
| 001 | 158772 | ||
| 003 | ES-MaACL | ||
| 005 | 20230906211317.0 | ||
| 008 | 040906s1886 it a |||| | ita d | ||
| 040 |
_aCAM _bspa _cCAM |
||
| 100 | 1 |
_aMario, Jessie W. _9129504 |
|
| 245 | 1 | 0 |
_aDella vita di Giuseppe Mazzini / _cper Jessie W. Mario. |
| 260 |
_aMilano : _bEdoardo Sonzogno editore, _c1886. |
||
| 300 |
_a499 p. : _bil. ; _c33 cm. |
||
| 600 | 1 | 4 |
_aMazzini, Giuseppe- _xBiografías. _9129773 |
| 752 |
_aItalia - _dMilán |
||
| 852 |
_aES-MaACL _jG-3295 _z-- Enc. editorial en tela estampada |
||
| 999 |
_c158772 _d158772 |
||